000
00274 a2200097 4500
020
_a
9781041038573
100
_a
Sami Salama Hussen Hajjaj
245
_a
The internet of mechanical things: the IoT framework for mechanical engineers
260
_b
CRC Press
_c
2025
942
_c
OO
999
_c
116026
_d
116025